<?xml version="1.0" encoding="UTF-8"?>
<record
    xmlns:xsi="http://www.w3.org/2001/XMLSchema-instance"
    xsi:schemaLocation="http://www.loc.gov/MARC21/slim http://www.loc.gov/standards/marcxml/schema/MARC21slim.xsd"
    xmlns="http://www.loc.gov/MARC21/slim">

  <leader>00573cam a22001697  4500</leader>
  <controlfield tag="001">ltf91035602 </controlfield>
  <controlfield tag="003">DLC</controlfield>
  <controlfield tag="005">20260227111552.0</controlfield>
  <controlfield tag="008">910402s1870    ne            000 0 dut  </controlfield>
  <datafield tag="010" ind1=" " ind2=" ">
    <subfield code="a">ltf91035602 </subfield>
  </datafield>
  <datafield tag="040" ind1=" " ind2=" ">
    <subfield code="a">DLC</subfield>
    <subfield code="c">DLC</subfield>
    <subfield code="d">DLC</subfield>
  </datafield>
  <datafield tag="050" ind1="0" ind2="0">
    <subfield code="a">LAW</subfield>
  </datafield>
  <datafield tag="110" ind1="1" ind2=" ">
    <subfield code="a">Drenthe (Netherlands).</subfield>
    <subfield code="b">Etstoel.</subfield>
  </datafield>
  <datafield tag="245" ind1="1" ind2="0">
    <subfield code="a">Ordelboek van den Etstoel van Drenthe;</subfield>
    <subfield code="b">eene verzameling van ordelen en verordeningen van den Drost en Etten van het Landschap Drenthe, van 1399-1518.</subfield>
    <subfield code="c">Uitg. door H. O. Feith.</subfield>
  </datafield>
  <datafield tag="260" ind1=" " ind2=" ">
    <subfield code="a">Groningen,</subfield>
    <subfield code="b">A. L. Scholtens,</subfield>
    <subfield code="c">1870.</subfield>
  </datafield>
  <datafield tag="300" ind1=" " ind2=" ">
    <subfield code="a">216 p.</subfield>
  </datafield>
  <datafield tag="999" ind1=" " ind2=" ">
    <subfield code="c">37555</subfield>
    <subfield code="d">37555</subfield>
  </datafield>
</record>
